000 01789nam a22002657a 4500
999 _c57398
_d57398
003 GE_BSU
005 20220623141621.0
008 200615s2020 ge ||||| |||| 00| 0 geo d
020 _a9789941816321
041 _ageo
080 _a616.1+005 ა-54
100 _aალხანიშვილი, ზურაბ
_98430
245 _aაქციე შენი კლინიკა ბრენდად :
_bსტომატოლოგიური კლინიკების მენეჯმენტი /
_cზურაბ ალხანიშვილი, ქეთევან გოგილაშვილი; თანაავტ-ბი გ. ტაბაღუა, ნ. გვასალია, ა. ჩიქოვანი და სხვ.რედ. ქეთევან აბრამიშვილი.; თსუ.
264 _aთბილისი:
_bთბილისის უნივერსიტეტის გამომცემლობა,
_c2020.
300 _a480 გვ.
_b28 სმ. ილ.
653 _aმედიცინა
653 _aსტომატოლოგია
653 _aსტომატოლოგიური კლინიკების მენეჯმენტი
700 _aგოგილაშვილი, ქეთევან
_eავტორი
_93387
700 _aტაბაღუა, გვანცა
_eთანაავტ.
_98431
700 _aგვასალია, ნინო
_eთანაავტ.
_98432
700 _aშიქოვანი, ალექსი სა სხვ.
_eთანაავტ.
_98433
710 _aივ. ჯავახიშვილის სახელ. თბილისის სახ. უნ-ტი
_98434
942 _2udc
_cBK